Central Library OPAC University of Rajshahi

Our wildlife legacy / (Record no. 66077)

MARC details
000 -LEADER
fixed length control field 00829nam a2200265 a 4500
001 - CONTROL NUMBER
control field 66077
003 - CONTROL NUMBER IDENTIFIER
rucl marc code BD-RjUL
005 - DATE AND TIME OF LATEST TRANSACTION
control field 20211209081510.0
008 - FIXED-LENGTH DATA ELEMENTS--GENERAL INFORMATION
fixed length control field 170314s1962 nyua b 001 0 eng
035 ## - SYSTEM CONTROL NUMBER
System control number (BD-RjUL)66207
040 ## - CATALOGING SOURCE
Original cataloging agency DLC
Transcribing agency DLC
Modifying agency DLC
-- BD-RjUL
Language of cataloging eng
041 ## - LANGUAGE CODE
Language code of text/sound track or separate title eng
082 00 - DEWEY DECIMAL CLASSIFICATION NUMBER
Edition number 23
Classification number 639.90973
Author mark and year ALO 1962
100 1# - MAIN ENTRY--PERSONAL NAME
Personal name Allen, Durward Leon,
Dates associated with a name 1910-
9 (RLIN) 195456
245 10 - TITLE STATEMENT
Title Our wildlife legacy /
Statement of responsibility, etc. Durward L. Allen.
250 ## - EDITION STATEMENT
Edition statement Rev. ed.
260 ## - PUBLICATION, DISTRIBUTION, ETC. (IMPRINT)
Place of publication, distribution, etc. New York :
Name of publisher, distributor, etc. Funk & Wagnalls,
Date of publication, distribution, etc. c1962.
300 ## - PHYSICAL DESCRIPTION
Pagination x, 422 p. :
Illustrations ill. ;
Size 22 cm.
504 ## - BIBLIOGRAPHY, ETC. NOTE
Bibliography, etc Include bibliography and index.
600 ## - SUBJECT ADDED ENTRY--PERSONAL NAME
Personal name Allen, Durward L. (Durward Leon),
Dates associated with a name 1910-1997
650 #0 - SUBJECT ADDED ENTRY--TOPICAL TERM
Topical term or geographic name as entry element Wildlife conservation
Geographic subdivision United States.
9 (RLIN) 195458
Topical term or geographic name as entry element Wildlife management.
9 (RLIN) 195459
651 ## - SUBJECT ADDED ENTRY--GEOGRAPHIC NAME
Geographic name United States.
9 (RLIN) 176143
942 ## - ADDED ENTRY ELEMENTS (KOHA)
Source of classification or shelving scheme Dewey Decimal Classification
Koha item type Books
Holdings
Lost status Source of classification or shelving scheme Damaged status Not for loan Collection code Permanent Location Current Location Shelving location Date acquired Source of acquisition Total Checkouts Full call number Date last seen Copy number Koha item type
  Dewey Decimal Classification   Not For Loan Non-fiction Central Library, University of Rajshahi Central Library, University of Rajshahi Reading Room 01/09/1966 Asia Foundation   639.90973 ALO 1962 14/03/2017 C-1 Books